000 00784nam a2200217 i 4500
001 bgj
100 1 _aPYE, Diana
245 1 0 _aForMat :
_bmagazine : pre-intermediate /
_cDiana Pye ; Hanna Kryszewska ; Marta Rosińska ; series consultant Simon Greenall.
260 _aWarszawa :
_bMacmillan Polska,
_c2002.
300 _a47 pp :
_bill. ;
_c30 cm.
505 _aSample pages from ForMat Pre-intermediate student's book and workbook.
650 9 _aEnglish language
_xSecondary schools
_xMatura
_xPre-intermediate
655 _aTextbooks for foreigners
700 1 _aKRYSZEWSKA, Hanna.
_eco-author
700 1 _aROSIŃSKA, Marta.
_eco-author
700 1 _aGREENALL, Simon.
_eco-author
040 _cBPK
041 0 _aeng
942 _cKS
008 s uk f |000 0 eng
999 _c49050
_d49050